[Event "IV Open Internacional Calvia"]
[Site "Calvia"]
[Date "2007.10.20"]
[Round "6.17"]
[White "Cabrera, Alexis"]
[Black "Iturrizaga, Eduardo"]
[Result "1/2-1/2"]
[WhiteElo "2499"]
[BlackElo "2435"]
[PlyCount "45"]
[EventDate "2007.??.??"]

1. d4 Nf6 2. c4 e6 3. Nc3 Bb4 4. a3 Bxc3+ 5. bxc3 b6 6. f3 Qe7 7. e4 e5 8. Bd3
d6 9. Ne2 h6 10. O-O c5 11. f4 Nc6 12. fxe5 dxe5 13. d5 Na5 14. Ng3 Kd8 15. Ra2
Ne8 16. Raf2 Nd6 17. Qh5 Rf8 18. Be2 Bd7 19. Bd3 Kc7 20. Qe2 Qh4 21. Qh5 Qe7
22. Kh1 Rae8 23. Kg1 1/2-1/2

[Event "IV Open Internacional Calvia"]
[Site "Calvia"]
[Date "2007.10.20"]
[Round "6.18"]
[White "Drazic, Sinisa"]
[Black "Martinez Martin, David"]
[Result "1/2-1/2"]
[WhiteElo "2493"]
[BlackElo "2400"]
[PlyCount "136"]
[EventDate "2007.??.??"]

1. d4 Nf6 2. Nf3 g6 3. g3 Bg7 4. Bg2 O-O 5. O-O d5 6. c4 c6 7. b3 Qa5 8. Bd2
Qa6 9. cxd5 cxd5 10. Ne5 Nc6 11. Nxc6 Qxc6 12. Bb4 Re8 13. Nc3 a5 14. Ba3 b5
15. Rc1 Qb7 16. Bc5 b4 17. Na4 Ra6 18. a3 Bd7 19. axb4 axb4 20. Rc4 Bxa4 21.
bxa4 Qc6 22. Rxb4 Nd7 23. Rb5 e6 24. Qb3 Rea8 25. e3 Nxc5 26. Rxc5 Qxa4 27. Qb7
Bf8 28. Rcc1 R6a7 29. Qb1 Qa2 30. Rc2 Qxb1 31. Rxb1 Ra1 32. Rxa1 Rxa1+ 33. Bf1
h5 34. Kg2 Rb1 35. Bd3 Rb3 36. Be2 Kg7 37. h4 Bb4 38. Rc7 Rb2 39. Bd3 Ba5 40.
Rc6 Be1 41. Bc2 Bb4 42. Kf3 Kf6 43. Ke2 Ra2 44. Kf1 Ke7 45. Bd3 Ra1+ 46. Kg2
Ra2 47. Rc7+ Kf8 48. Kf1 Ra1+ 49. Ke2 Ra2+ 50. Bc2 Ba5 51. Rc8+ Ke7 52. Kf3 Be1
53. Kg2 Kd7 54. Rc5 Bb4 55. Rb5 Be1 56. Rc5 Bb4 57. Rb5 Be1 58. Rb7+ Kc6 59.
Rb1 Rxc2 60. Rxe1 Kd6 61. Ra1 Ke7 62. Kf3 Kf6 63. Rg1 Kf5 64. Rb1 Ra2 65. Rb7
Kf6 66. Rb5 Rc2 67. Ra5 Rb2 68. Ra7 Rc2 1/2-1/2

[Event "IV Open Internacional Calvia"]
[Site "Calvia"]
[Date "2007.10.20"]
[Round "6.19"]
[White "Caspi, Israel"]
[Black "Cornette, Matthieu"]
[Result "1-0"]
[WhiteElo "2377"]
[BlackElo "2494"]
[PlyCount "85"]
[EventDate "2007.??.??"]

1. d4 Nf6 2. c4 e6 3. g3 c5 4. d5 exd5 5. cxd5 d6 6. Bg2 g6 7. e4 Bg7 8. Nc3
O-O 9. Nge2 Re8 10. O-O a6 11. a4 Nbd7 12. a5 Rb8 13. h3 b5 14. axb6 Rxb6 15.
Qc2 Rb4 16. Na2 Rb8 17. Rb1 a5 18. Rd1 Ba6 19. Nec3 Nh5 20. Be3 Qf6 21. Qc1 Ne5
22. g4 Nd3 23. Rxd3 Bxd3 24. Ra1 a4 25. gxh5 a3 26. bxa3 Rb3 27. h6 Bh8 28. Bd2
Reb8 29. a4 Rb2 30. Qe1 Bc4 31. a5 Qd8 32. Nc1 Rc2 33. Ra3 Rbb2 34. Be3 Bxc3
35. Rxc3 Qxa5 36. Bd2 Rxd2 37. Rxc4 Qa1 38. Bf1 Rdc2 39. e5 Rxc4 40. exd6 Rb8
41. Bxc4 Qd4 42. d7 Kf8 43. Bb5 1-0

[Event "IV Open Internacional Calvia"]
[Site "Calvia"]
[Date "2007.10.20"]
[Round "6.20"]
[White "Zozulia, Anna"]
[Black "Gagunashvili, Merab"]
[Result "1/2-1/2"]
[WhiteElo "2343"]
[BlackElo "2584"]
[PlyCount "208"]
[EventDate "2007.??.??"]

1. e4 d6 2. d4 Nf6 3. Bd3 g6 4. c3 Bg7 5. Nf3 O-O 6. O-O Nc6 7. Nbd2 e5 8. dxe5
dxe5 9. Nc4 Nh5 10. Ne3 Nf4 11. Bb5 Ne7 12. g3 Ne6 13. Qxd8 Rxd8 14. Bc4 c6 15.
a4 Bd7 16. Ng4 b5 17. Ba2 Nc5 18. Nfxe5 Bxg4 19. Nxg4 Nxa4 20. Bg5 Kf8 21. Rab1
Nc5 22. Rbd1 a5 23. f3 b4 24. cxb4 axb4 25. Nf6 Nd3 26. Bb3 Nxb2 27. Nxh7+ Ke8
28. Nf6+ Bxf6 29. Rxd8+ Rxd8 30. Bxf6 Nd3 31. Rd1 Rd7 32. Ra1 Nc5 33. Ra8+ Rd8
34. Rxd8+ Kxd8 35. Bxf7 Nd7 36. Bb2 c5 37. Kf2 Nc6 38. f4 Nb6 39. Ke3 c4 40.
Bf6+ Kc7 41. h4 Nd7 42. Bg7 c3 43. Kd3 Nc5+ 44. Kc2 Nxe4 45. Bxg6 Nxg3 46. h5
Ne7 47. Bf7 Nef5 48. h6 Nxh6 49. Bxh6 Nf5 50. Bf8 Nd4+ 51. Kd3 c2 52. Kd2 Ne2
53. Kxc2 Nxf4 54. Bxb4 Kc6 55. Bf8 Nd5 56. Kd3 Nb6 57. Kd4 Nd7 58. Be8 Kc7 59.
Be7 Nb6 60. Kc5 Nd7+ 61. Kd5 Nb6+ 62. Kd4 Nd7 63. Bh5 Nb6 64. Bg4 Nd7 65. Bh4
Nb6 66. Bg3+ Kc6 67. Bf3+ Kb5 68. Bf2 Na4 69. Bh5 Kb4 70. Be8 Kb3 71. Bg6 Nb2
72. Be3 Na4 73. Bd2 Nb2 74. Bh6 Na4 75. Bf7+ Kc2 76. Be8 Nb2 77. Bg5 Kb3 78.
Bf6 Kc2 79. Bd7 Kb3 80. Be6+ Kc2 81. Kc5 Nd3+ 82. Kc4 Nb2+ 83. Kd4 Na4 84. Bf5+
Kb3 85. Be4 Nb2 86. Be7 Na4 87. Kd3 Nb2+ 88. Kd2 Nc4+ 89. Kd3 Nb2+ 90. Kd4 Na4
91. Bf3 Nb2 92. Bh5 Kc2 93. Kc5 Nd3+ 94. Kc4 Nb2+ 95. Kd4 Kb3 96. Bg6 Na4 97.
Kd3 Nb2+ 98. Ke2 Na4 99. Bd3 Nb2 100. Ba6 Kc2 101. Bb5 Kb3 102. Kd2 Nc4+ 103.
Kc1 Kc3 104. Bf8 Kd4 1/2-1/2

[Event "IV Open Internacional Calvia"]
[Site "Calvia"]
[Date "2007.10.20"]
[Round "6.21"]
[White "Peralta, Fernando"]
[Black "Aleskerov, Faik"]
[Result "1-0"]
[WhiteElo "2546"]
[BlackElo "2327"]
[PlyCount "113"]
[EventDate "2007.??.??"]

1. d4 d6 2. Nf3 g6 3. c4 f5 4. Nc3 Nf6 5. g3 Bg7 6. Bg2 O-O 7. O-O c6 8. d5 Kh8
9. Nd4 Qb6 10. e3 c5 11. Ne6 Bxe6 12. dxe6 Nc6 13. Nd5 Qd8 14. Nxf6 Rxf6 15.
Bd5 Qc8 16. Re1 Nd8 17. e4 Nxe6 18. exf5 Nd4 19. fxg6 Qf5 20. f4 Qxg6 21. Rxe7
Re8 22. Rxe8+ Qxe8 23. Bd2 Qg6 24. Kh1 Re6 25. Bc3 Re3 26. Qg1 Qe8 27. Re1 Ne2
28. Bxg7+ Kxg7 29. Qf2 Kh8 30. Kg2 Re7 31. Kf1 Nd4 32. Rxe7 Qxe7 33. Qe1 Qd7
34. Kg2 Kg7 35. Qe4 b6 36. h3 h5 37. b3 a6 38. Bb7 a5 39. Bd5 Kf6 40. Kh2 a4
41. bxa4 Qxa4 42. g4 hxg4 43. hxg4 Qc2+ 44. Qxc2 Nxc2 45. Be4 Ne3 46. g5+ Ke6
47. Bd3 d5 48. cxd5+ Kxd5 49. Kg3 c4 50. Kf3 Kd4 51. Bb1 c3 52. g6 Nd5 53. g7
Nf6 54. Ke2 b5 55. Bh7 b4 56. Kd1 Ke3 57. f5 1-0

[Event "IV Open Internacional Calvia"]
[Site "Calvia"]
[Date "2007.10.20"]
[Round "6.23"]
[White "Ehsan, Ali"]
[Black "Libiszewski, Fabien"]
[Result "0-1"]
[WhiteElo "2280"]
[BlackElo "2486"]
[PlyCount "72"]
[EventDate "2007.??.??"]

1. e4 e6 2. d4 d5 3. Nd2 Nf6 4. e5 Nfd7 5. f4 c5 6. c3 Nc6 7. Ndf3 Be7 8. h4
cxd4 9. cxd4 f5 10. a3 a5 11. b3 Nb6 12. Bd3 Bd7 13. g4 fxg4 14. Ng5 Nxd4 15.
Bxh7 Rxh7 16. Nxh7 Bxh4+ 17. Kf1 Bb5+ 18. Kg2 Nf5 19. Bd2 Rc8 20. Qxg4 Rc2 21.
Qg6+ Ke7 22. Nf3 Be8 23. Qxf5 exf5 24. Rxh4 d4 25. Kg3 Qd5 26. Nhg5 Qxb3 27.
Bxa5 Qe3 28. Bb4+ Kd7 29. Rf1 Nd5 30. e6+ Kc7 31. Be1 Bb5 32. Rf2 d3 33. Bd2
Rxd2 34. Rxd2 Nf6 35. Kg2 Ne4 36. Rb2 d2 0-1

[Event "IV Open Internacional Calvia"]
[Site "Calvia"]
[Date "2007.10.20"]
[Round "6.24"]
[White "Fernandez Romero, Ernesto"]
[Black "Rodriguez Lopez, Rafael"]
[Result "1-0"]
[WhiteElo "2459"]
[BlackElo "2281"]
[PlyCount "91"]
[EventDate "2007.??.??"]

1. e4 c5 2. Nc3 e6 3. Nge2 Nc6 4. g3 a6 5. Bg2 d6 6. O-O Nf6 7. h3 Be7 8. g4
Nd7 9. Ng3 O-O 10. d3 b5 11. f4 Bb7 12. Nce2 Nd4 13. Be3 Nxe2+ 14. Qxe2 g6 15.
g5 e5 16. h4 exf4 17. Bxf4 Ne5 18. c3 f6 19. gxf6 Bxf6 20. h5 Bg5 21. Bxe5
Rxf1+ 22. Rxf1 dxe5 23. hxg6 hxg6 24. Bh3 Qe7 25. Rf2 Rf8 26. Rg2 Qf6 27. Nh5
gxh5 28. Qxh5 Qf1+ 29. Kh2 Qf4+ 30. Rg3 c4 31. Qxg5+ Qxg5 32. Rxg5+ Kh8 33.
dxc4 Rf2+ 34. Kg3 Rxb2 35. Rxe5 bxc4 36. Bf5 Kg7 37. Rc5 Kf6 38. a4 Rb3 39. Kf4
Ke7 40. Rxc4 Kd6 41. Rb4 Rxb4 42. cxb4 a5 43. e5+ Kc7 44. bxa5 Bd5 45. e6 Kd6
46. a6 1-0

[Event "IV Open Internacional Calvia"]
[Site "Calvia"]
[Date "2007.10.20"]
[Round "6.25"]
[White "Habibi, Ali"]
[Black "Mogranzini, Roberto"]
[Result "1/2-1/2"]
[WhiteElo "2269"]
[BlackElo "2415"]
[PlyCount "133"]
[EventDate "2007.??.??"]

1. Nf3 Nf6 2. d3 g6 3. g3 Bg7 4. Bg2 O-O 5. O-O d6 6. c4 Nc6 7. Nc3 h6 8. Rb1
e5 9. b4 Be6 10. b5 Ne7 11. e4 Nd7 12. Ne1 Nc5 13. Be3 Qd7 14. Qd2 Kh7 15. Nc2
Bh3 16. d4 Bxg2 17. Kxg2 exd4 18. Bxd4 Bxd4 19. Nxd4 a6 20. b6 c6 21. Nb3 Nxb3
22. Rxb3 Qe6 23. Qd3 Ng8 24. Rb2 Nf6 25. f4 Rad8 26. a4 Rfe8 27. Re2 Nd7 28. f5
Qe7 29. Ref2 Ne5 30. Qd4 g5 31. h3 Nd7 32. Rd1 Nc5 33. Re2 Nb3 34. Qd3 Qe5 35.
g4 Rd7 36. Qg3 Red8 37. Nb1 Nc5 38. Nc3 Kg7 39. Qe3 Re7 40. h4 Qf6 41. hxg5
hxg5 42. Ree1 Rg8 43. Qg3 Re5 44. Re2 Rh8 45. Ree1 Rh7 46. Re2 Qe7 47. Qf2 Nd7
48. Rh1 Rxh1 49. Kxh1 Nf6 50. Qf3 d5 51. cxd5 cxd5 52. exd5 Rxe2 53. Nxe2 Qc5
54. Ng3 Qxb6 55. Qc3 Kh7 56. Nh5 Nxh5 57. gxh5 Qb1+ 58. Kg2 Qa2+ 59. Kg3 Qxd5
60. Qf6 Qd3+ 61. Kg4 Qe2+ 62. Kxg5 Qd2+ 63. Kg4 Qg2+ 64. Kh4 Qh2+ 65. Kg4 Qg2+
66. Kh4 Qh2+ 67. Kg4 1/2-1/2

[Event "IV Open Internacional Calvia"]
[Site "Calvia"]
[Date "2007.10.20"]
[Round "6.26"]
[White "Rosberg, Simon"]
[Black "Gonzalez, Rodriguez Jorge A"]
[Result "0-1"]
[WhiteElo "2213"]
[BlackElo "2405"]
[PlyCount "76"]
[EventDate "2007.??.??"]

1. Nf3 Nf6 2. c4 e6 3. d4 Bb4+ 4. Bd2 Qe7 5. g3 b6 6. Bg2 Bb7 7. Nc3 O-O 8. O-O
Bxc3 9. Bxc3 Be4 10. Rc1 d6 11. Bh3 Nbd7 12. Nd2 Bb7 13. Qc2 c5 14. e4 cxd4 15.
Bxd4 Nc5 16. Bg2 a5 17. b3 Rfc8 18. Qb1 e5 19. Bb2 Ba6 20. Rfd1 b5 21. cxb5
Bxb5 22. Nc4 Bxc4 23. Rxc4 Nfd7 24. Rc2 Rcb8 25. Rcd2 Rb6 26. Bc3 a4 27. b4 a3
28. Qc1 Ne6 29. Rd5 Rc6 30. Ra5 Rac8 31. Rxa3 Nd4 32. Bf1 Nf6 33. Qb2 Nf3+ 34.
Kg2 Nxe4 35. Kxf3 Nxc3 36. Rc1 Qb7 37. Kg4 Na4 38. Rxa4 Rxc1 0-1

[Event "IV Open Internacional Calvia"]
[Site "Calvia"]
[Date "2007.10.20"]
[Round "6.27"]
[White "Teran Alvarez, Ismael"]
[Black "Thomassen, Joachim"]
[Result "1-0"]
[WhiteElo "2402"]
[BlackElo "2263"]
[PlyCount "65"]
[EventDate "2007.??.??"]

1. c4 Nf6 2. g3 e6 3. Bg2 d5 4. Nf3 Be7 5. O-O O-O 6. b3 d4 7. e3 Nc6 8. exd4
Nxd4 9. Bb2 Nxf3+ 10. Bxf3 c5 11. d4 cxd4 12. Bxd4 Qc7 13. Qe2 Bd7 14. Nc3 Bc6
15. Rfe1 Rfd8 16. Rad1 Rd7 17. Qe3 Bxf3 18. Qxf3 Rad8 19. Bxf6 Bxf6 20. Rxd7
Rxd7 21. Nd5 Qa5 22. Nxf6+ gxf6 23. Re2 Qg5 24. Kg2 Kg7 25. h4 Qc1 26. Qg4+ Kh8
27. Qe4 Kg7 28. Rc2 Qa1 29. c5 f5 30. Qf3 Rd1 31. Kh2 Qb1 32. Rc4 Rd2 33. Qc3+
1-0

[Event "IV Open Internacional Calvia"]
[Site "Calvia"]
[Date "2007.10.20"]
[Round "6.28"]
[White "Aloma Vidal, Robert"]
[Black "Munar Rossello, Pedro"]
[Result "1-0"]
[WhiteElo "2398"]
[BlackElo "2075"]
[PlyCount "79"]
[EventDate "2007.??.??"]

1. d4 Nf6 2. Nf3 g6 3. c4 Bg7 4. Nc3 d6 5. e4 O-O 6. h3 e5 7. dxe5 dxe5 8. Qxd8
Rxd8 9. Bg5 c6 10. Nxe5 Re8 11. O-O-O Na6 12. Nf3 Nc5 13. Nd2 h6 14. Bxf6 Bxf6
15. f3 a5 16. Kc2 a4 17. g3 Ne6 18. f4 Nd4+ 19. Kb1 Bg7 20. e5 Nf5 21. Nde4 Be6
22. c5 a3 23. b3 Ne3 24. Re1 Nd5 25. Bc4 g5 26. Bxd5 cxd5 27. Nd6 gxf4 28. gxf4
Rec8 29. b4 d4 30. Nxc8 dxc3 31. Ne7+ Kf8 32. f5 Kxe7 33. fxe6 Kxe6 34. Re3 Ra4
35. Rxc3 Rxb4+ 36. Rb3 Rc4 37. Rc1 Kd5 38. Rxc4 Kxc4 39. Rxb7 Kxc5 40. e6 1-0

[Event "IV Open Internacional Calvia"]
[Site "Calvia"]
[Date "2007.10.20"]
[Round "6.29"]
[White "Das, Arghyadip"]
[Black "Olias Munoz, Francisco"]
[Result "1-0"]
[WhiteElo "2367"]
[BlackElo "1950"]
[PlyCount "61"]
[EventDate "2007.??.??"]

1. e4 c5 2. Nf3 d6 3. d4 cxd4 4. Nxd4 Nf6 5. f3 g6 6. c4 Bg7 7. Nc3 O-O 8. Be3
Nc6 9. Qd2 Nxd4 10. Bxd4 Be6 11. Be2 a6 12. O-O Rc8 13. b3 Nd7 14. Bxg7 Kxg7
15. Kh1 Qa5 16. Rac1 f6 17. Qb2 Qh5 18. Rce1 Rc7 19. f4 Qh4 20. g3 Qh3 21. Bf3
Ne5 22. Qe2 Bf7 23. b4 Nd7 24. Nd5 Bxd5 25. exd5 Nb6 26. c5 Nc8 27. Bg4 Qh6 28.
Rc1 Kh8 29. cxd6 Rxc1 30. Rxc1 Nxd6 31. Qxe7 1-0

[Event "IV Open Internacional Calvia"]
[Site "Calvia"]
[Date "2007.10.20"]
[Round "6.30"]
[White "Gurbanzade, Erkin"]
[Black "Bykhovsky, Anatoly"]
[Result "0-1"]
[WhiteElo "2179"]
[BlackElo "2364"]
[PlyCount "124"]
[EventDate "2007.??.??"]

1. e4 c5 2. Nf3 Nc6 3. d4 cxd4 4. Nxd4 Nf6 5. Nc3 e5 6. Ndb5 d6 7. Bg5 a6 8.
Na3 b5 9. Bxf6 gxf6 10. Nd5 f5 11. c3 Bg7 12. exf5 Bxf5 13. Nc2 O-O 14. Nce3
Be6 15. Bd3 f5 16. Bc2 Ra7 17. Qh5 Raf7 18. g4 Bxd5 19. Nxd5 e4 20. Ne3 b4 21.
Nxf5 Rxf5 22. gxf5 bxc3 23. O-O d5 24. bxc3 Rf6 25. Rad1 Rh6 26. Qg4 Ne5 27.
Rxd5 Qxd5 28. Bxe4 Nxg4 29. Bxd5+ Kf8 30. Be6 Bxc3 31. Rd1 Be5 32. Rd8+ Ke7 33.
Rg8 Bxh2+ 34. Kg2 Ne5 35. Ra8 Bf4 36. Rxa6 Rh2+ 37. Kg1 Kf6 38. Bc8+ Kf7 39.
Ra4 Nf3+ 40. Kf1 Bd6 41. Ke2 Ng1+ 42. Kf1 Nh3 43. Rh4 Rxf2+ 44. Ke1 Rh2 45.
Rxh7+ Kg8 46. Rb7 Nf4 47. Be6+ Kf8 48. Bc4 Rc2 49. Bb3 Ng2+ 50. Kf1 Ne3+ 51.
Kg1 Rb2 52. f6 Bg3 53. Bd5 Re2 54. Rf7+ Ke8 55. Re7+ Kd8 56. Rxe3 Rxe3 57. f7
Bd6 58. Kf2 Rd3 59. Bb3 Ke7 60. Ke2 Rc3 61. Kd1 Kf6 62. Kd2 Rg3 0-1

[Event "IV Open Internacional Calvia"]
[Site "Calvia"]
[Date "2007.10.20"]
[Round "6.31"]
[White "Fierro Baquero, Martha L"]
[Black "Edvardsen, Ingar"]
[Result "1-0"]
[WhiteElo "2345"]
[BlackElo "1941"]
[PlyCount "51"]
[EventDate "2007.??.??"]

1. d4 f5 2. e4 fxe4 3. Nc3 Nf6 4. Bg5 e6 5. Nxe4 Be7 6. Bxf6 Bxf6 7. Nf3 O-O 8.
Bd3 d5 9. Nxf6+ Qxf6 10. O-O Nc6 11. Re1 Bd7 12. c3 Rf7 13. Qd2 g6 14. Re3 Re8
15. Rae1 a6 16. a4 Rg7 17. Qe2 g5 18. b4 g4 19. Nd2 Nxd4 20. cxd4 Qxd4 21. Nf1
h5 22. Ng3 h4 23. Nf5 Qf6 24. Nxg7 Kxg7 25. Re5 b6 26. Qe3 1-0

[Event "IV Open Internacional Calvia"]
[Site "Calvia"]
[Date "2007.10.20"]
[Round "6.32"]
[White "Ferrer Roig, Juan"]
[Black "Sibilio, Mario"]
[Result "0-1"]
[WhiteElo "2130"]
[BlackElo "2381"]
[PlyCount "86"]
[EventDate "2007.??.??"]

1. e4 g6 2. d4 d6 3. Nc3 a6 4. Be3 b5 5. a3 Bg7 6. Qd2 Nd7 7. h4 h5 8. Be2 Bb7
9. Bf3 Qc8 10. Nh3 Ngf6 11. Nf4 c6 12. Nd3 Ng4 13. Bxg4 hxg4 14. a4 bxa4 15.
Rxa4 Nb6 16. Rb4 Qc7 17. Na4 Nd7 18. Nc3 a5 19. Ra4 Nb6 20. Ra1 Nc4 21. Qe2 Bc8
22. Bc1 Bxd4 23. Ra4 Bxc3+ 24. bxc3 Nb6 25. Ra1 f6 26. Be3 c5 27. Nf4 g5 28.
Ng6 Rh6 29. h5 Qd7 30. e5 Ba6 31. Qd2 Qc6 32. Rh2 Nc4 33. Qc1 g3 34. fxg3 dxe5
35. Kf2 Rd8 36. Rh4 Bb7 37. Rh2 Qe4 38. Ra4 Bc6 39. Rxc4 Qxc4 40. Bxg5 fxg5 41.
Qxg5 Rh7 42. Nxe5 Qe6 43. Nxc6 Rf7+ 0-1

[Event "IV Open Internacional Calvia"]
[Site "Calvia"]
[Date "2007.10.20"]
[Round "6.33"]
[White "Tofte, Sondre Waage"]
[Black "Mascaro March, Pedro"]
[Result "0-1"]
[WhiteElo "2107"]
[BlackElo "2370"]
[PlyCount "118"]
[EventDate "2007.??.??"]

1. e4 Nc6 2. d4 d6 3. Nc3 Nf6 4. f4 d5 5. e5 Ng8 6. Nf3 Bg4 7. Be3 e6 8. h3
Bxf3 9. Qxf3 Nge7 10. g4 Qd7 11. O-O-O O-O-O 12. Bb5 a6 13. Ba4 Kb8 14. Bf2 Nc8
15. a3 Nb6 16. Rd3 Be7 17. Kb1 Rhf8 18. Bxc6 Qxc6 19. Nd1 f5 20. Ne3 g6 21. Rc1
Qa4 22. b4 fxg4 23. hxg4 Qb5 24. Ka1 a5 25. bxa5 Qxa5 26. Ka2 c5 27. Be1 Qa6
28. dxc5 Bxc5 29. Rb3 d4 30. Nd1 Nd5 31. Bd2 Qc6 32. Rcb1 Rd7 33. Nf2 Rc8 34.
Ne4 Be7 35. R1b2 Qa6 36. f5 Rdc7 37. f6 Bf8 38. Qd3 Qa4 39. Nd6 Bxd6 40. exd6
Rd7 41. Bb4 Qa7 42. Qb5 b6 43. Ba5 Rxd6 44. Be1 Ka8 45. g5 Rdc6 46. Qe2 Ne3 47.
Qf3 Qb7 48. Rb4 Rd6 49. Ra4+ Kb8 50. Qf4 Qd5+ 51. Kb1 e5 52. Qh2 h5 53. Qe2 Nc4
54. Rbb4 Rdc6 55. Bg3 Kb7 56. Qd3 e4 57. Qd1 d3 58. Ka1 Ne3 59. Qc1 Nxc2+ 0-1

[Event "IV Open Internacional Calvia"]
[Site "Calvia"]
[Date "2007.10.20"]
[Round "6.34"]
[White "Mihailovs, Jurijs"]
[Black "Kvisla, Johannes Luangtep"]
[Result "1-0"]
[WhiteElo "2366"]
[BlackElo "2124"]
[PlyCount "79"]
[EventDate "2007.??.??"]

1. d4 Nf6 2. c4 e6 3. Nf3 b6 4. a3 Ba6 5. Nbd2 Bb7 6. Qc2 c5 7. dxc5 bxc5 8. e3
Be7 9. Bd3 O-O 10. b3 d6 11. Bb2 Nbd7 12. O-O-O e5 13. h4 a5 14. g4 a4 15. g5
axb3 16. Qxb3 Bxf3 17. Nxf3 e4 18. gxf6 Bxf6 19. Bxe4 Rb8 20. Bxf6 Nxf6 21. Qd3
Nxe4 22. Qxe4 Qf6 23. Kd2 d5 24. cxd5 Rfe8 25. Rb1 Rbd8 26. Qg4 Rxd5+ 27. Ke2
Qa6+ 28. Ke1 Qd3 29. Rc1 h5 30. Qc4 Rxe3+ 31. fxe3 Qxe3+ 32. Qe2 Qxc1+ 33. Kf2
Qf4 34. Re1 g6 35. Qb2 Rd4 36. a4 Kh7 37. a5 Rd3 38. Qb7 Qf5 39. Re7 Kg7 40.
Rxf7+ 1-0

[Event "IV Open Internacional Calvia"]
[Site "Calvia"]
[Date "2007.10.20"]
[Round "6.35"]
[White "Tscharotschkin, Michael"]
[Black "Martin Sanchez, Enric"]
[Result "1-0"]
[WhiteElo "2290"]
[BlackElo "2039"]
[PlyCount "41"]
[EventDate "2007.??.??"]

1. e4 c5 2. c3 Nc6 3. d4 cxd4 4. cxd4 e6 5. d5 exd5 6. exd5 Bb4+ 7. Nc3 Qe7+ 8.
Be2 Ne5 9. Be3 Nf6 10. Nf3 Neg4 11. Bd4 O-O 12. O-O d6 13. Bd3 Bxc3 14. Bxc3
Nxd5 15. Bxh7+ Kxh7 16. Qxd5 Nf6 17. Qd3+ g6 18. Ng5+ Kh6 19. Rae1 Qd8 20. Qe3
Nd5 21. Nxf7+ 1-0

[Event "IV Open Internacional Calvia"]
[Site "Calvia"]
[Date "2007.10.20"]
[Round "6.36"]
[White "Grant, Jonathan"]
[Black "Andersen, Mads"]
[Result "1-0"]
[WhiteElo "2261"]
[BlackElo "2074"]
[PlyCount "79"]
[EventDate "2007.??.??"]

1. c4 c5 2. Nc3 b6 3. e4 d6 4. g3 Bb7 5. Bg2 e6 6. Nge2 Nf6 7. O-O Be7 8. Re1
Qc7 9. d4 cxd4 10. Nxd4 a6 11. Be3 O-O 12. Rc1 Nbd7 13. f4 Rfe8 14. Bf2 Bf8 15.
Qe2 e5 16. Nd5 Qd8 17. fxe5 Rxe5 18. Qf3 Nc5 19. Nb3 Nfxe4 20. Bd4 Re6 21. Nxc5
Nxc5 22. Rf1 f6 23. Qg4 h5 24. Qf5 Re2 25. Bf3 Re5 26. Bxe5 dxe5 27. b4 e4 28.
Bxh5 Nd3 29. Qe6+ Kh8 30. Bf7 g6 31. Qxe4 Nxb4 32. Qxg6 Bc5+ 33. Rf2 Bxf2+ 34.
Kxf2 Qf8 35. Qxf6+ Kh7 36. Nxb4 Qc5+ 37. Kf1 Qe3 38. Bg6+ Kh6 39. Bf5+ Kh5 40.
g4# 1-0

[Event "IV Open Internacional Calvia"]
[Site "Calvia"]
[Date "2007.10.20"]
[Round "6.37"]
[White "Haugstad, Espen"]
[Black "Aroven, Mikael"]
[Result "0-1"]
[WhiteElo "2025"]
[BlackElo "2201"]
[PlyCount "62"]
[EventDate "2007.??.??"]

1. e4 c5 2. Nf3 Nc6 3. d4 cxd4 4. Nxd4 g6 5. Nc3 Bg7 6. Be3 Nf6 7. Bc4 O-O 8.
Bb3 a5 9. f3 d5 10. Bxd5 Nxd5 11. exd5 Nb4 12. Nde2 e6 13. d6 Bd7 14. a4 Rc8
15. Bd4 Bh6 16. O-O Rc6 17. f4 f6 18. Nb5 Nxc2 19. Rc1 Nxd4 20. Qxd4 Qb6 21.
Qxb6 Rxb6 22. Ned4 e5 23. Rc7 Rd8 24. Rxd7 Rxd7 25. Ne6 Rxb5 26. axb5 Rxd6 27.
Nc5 Bxf4 28. Ne4 Rb6 29. g4 Kg7 30. Nc3 Rd6 31. Nb1 Rd3 0-1

[Event "IV Open Internacional Calvia"]
[Site "Calvia"]
[Date "2007.10.20"]
[Round "6.39"]
[White "Givon, Asaf"]
[Black "Pons Servera, Cristobal"]
[Result "1-0"]
[WhiteElo "1937"]
[BlackElo "2146"]
[PlyCount "49"]
[EventDate "2007.??.??"]

1. e4 d6 2. d4 Nf6 3. Nc3 g6 4. Be3 Bg7 5. f3 c6 6. Qd2 Nbd7 7. O-O-O e5 8. g4
a6 9. h4 h5 10. dxe5 dxe5 11. g5 Nh7 12. Bh3 Nhf8 13. Na4 Qe7 14. Nc5 Ne6 15.
Nxe6 fxe6 16. Qd6 Nf8 17. Ne2 Qxd6 18. Rxd6 Kf7 19. Rhd1 Nh7 20. Rd7+ Bxd7 21.
Rxd7+ Ke8 22. Rxg7 Nf8 23. Bc5 Nd7 24. Bd6 Nb6 25. Bxe6 1-0

[Event "IV Open Internacional Calvia"]
[Site "Calvia"]
[Date "2007.10.20"]
[Round "6.42"]
[White "Galiana, Juan Ramon"]
[Black "Ruprich, Udo"]
[Result "1-0"]
[WhiteElo "2252"]
[BlackElo "2053"]
[PlyCount "85"]
[EventDate "2007.??.??"]

1. e4 e5 2. Nf3 d6 3. d4 exd4 4. Nxd4 Nf6 5. Nc3 Be7 6. f3 O-O 7. Be3 a6 8. Qd2
b5 9. O-O-O c5 10. Nf5 Bxf5 11. exf5 b4 12. Nd5 Nxd5 13. Qxd5 Nd7 14. g4 Nb6
15. Qd2 d5 16. h4 Qd7 17. Bg5 f6 18. Bf4 Ra7 19. Rh2 Rd8 20. Re2 Qa4 21. Kb1 c4
22. Re6 Rb7 23. Rxb6 Rxb6 24. Bc7 Rbd6 25. Bxd8 Rxd8 26. Qe3 Kf8 27. Re1 Bd6
28. Qb6 Rd7 29. Re6 Be7 30. Qb8+ Rd8 31. Qa7 Bd6 32. g5 fxg5 33. hxg5 Qd7 34.
Qd4 Qf7 35. Qb6 Bc7 36. Qxb4+ Kg8 37. Bh3 Qh5 38. Qe1 Bd6 39. Bg4 Qxg5 40. Rxd6
Rb8 41. Rxd5 h5 42. Qe6+ Kh8 43. f6 1-0

[Event "IV Open Internacional Calvia"]
[Site "Calvia"]
[Date "2007.10.20"]
[Round "6.43"]
[White "Mack, Wolfgang"]
[Black "Thomassen, Thomas"]
[Result "1-0"]
[WhiteElo "2200"]
[BlackElo "2041"]
[PlyCount "47"]
[EventDate "2007.??.??"]

1. e4 c6 2. Nc3 d5 3. Nf3 Bg4 4. h3 Bxf3 5. Qxf3 Nf6 6. d3 e6 7. g4 Qa5 8. Bd2
Bb4 9. Qd1 d4 10. Ne2 e5 11. c3 dxc3 12. bxc3 Be7 13. Rb1 Qc7 14. Qb3 b6 15.
Ng3 O-O 16. g5 Nfd7 17. d4 exd4 18. cxd4 c5 19. Nf5 Bd6 20. Qd5 Bf4 21. Rd1
Bxd2+ 22. Rxd2 cxd4 23. Qxa8 Nc6 24. Qxc6 1-0

[Event "IV Open Internacional Calvia"]
[Site "Calvia"]
[Date "2007.10.20"]
[Round "6.44"]
[White "Moreno Garcia, Alfonso"]
[Black "Barcelo, Pedro"]
[Result "0-1"]
[WhiteElo "2020"]
[BlackElo "2190"]
[PlyCount "76"]
[EventDate "2007.??.??"]

1. c4 e6 2. d4 d5 3. Nc3 Nf6 4. Bg5 Be7 5. e3 O-O 6. Nf3 Nbd7 7. cxd5 exd5 8.
Bd3 c6 9. O-O Re8 10. Qc2 Nf8 11. Rab1 Ne4 12. Bxe7 Qxe7 13. b4 Ng6 14. b5 Bg4
15. Be2 Rac8 16. b6 a6 17. h3 Bxf3 18. Bxf3 Nh4 19. Bxe4 dxe4 20. Ne2 Qg5 21.
g3 h5 22. Rbc1 Rcd8 23. Nf4 Nf3+ 24. Kg2 Qh6 25. h4 Qf6 26. Qc5 g6 27. Rfd1 Kg7
28. d5 cxd5 29. Rxd5 Rc8 30. Qa3 Qxb6 31. Rxc8 Rxc8 32. Rd1 Rc2 33. Qe7 Qc7 34.
Qxe4 (34. Ne6+ $18) 34... Ne5 35. Rd5 Ng4 36. Qd4+ Kh7 37. Nd3 Rc4 38. Qb2
Nxe3+ 0-1

[Event "IV Open Internacional Calvia"]
[Site "Calvia"]
[Date "2007.10.20"]
[Round "6.46"]
[White "Raznikov, Danny"]
[Black "Ben Arzi, Ido"]
[Result "0-1"]
[WhiteElo "2162"]
[BlackElo "2010"]
[PlyCount "86"]
[EventDate "2007.??.??"]

1. d4 d6 2. Nf3 Nf6 3. c4 g6 4. Nc3 Bg7 5. e4 O-O 6. Be2 Re8 7. O-O Bg4 8. Be3
Nfd7 9. Ne1 Bxe2 10. Qxe2 e5 11. d5 f5 12. f3 f4 13. Bf2 g5 14. Nd3 a6 15. b4
h5 16. c5 Nf6 17. Nb2 dxc5 18. bxc5 g4 19. Rad1 Bf8 20. Qc4 Kg7 21. Bh4 b5 22.
cxb6 cxb6 23. Nd3 Bd6 24. Nb4 Bc5+ 25. Kh1 Qd6 26. a3 Nbd7 27. Qb3 b5 28. Ne2
Rac8 29. Rc1 Rh8 30. Qb2 a5 31. Nc2 b4 32. axb4 axb4 33. Na1 Be3 34. Rb1 Rc4
35. Be1 Rb8 36. Qb3 Qc7 37. Ng3 fxg3 38. Qxe3 gxh2 39. Bd2 g3 40. Rfc1 Rc8 41.
Rxc4 Qxc4 42. Rc1 Qa6 43. Rxc8 Qf1+ 0-1